Gombaszögi Nyári Tábor

Bibliographic Details
Format: Article
Language:Hungarian
PhysicalDescription:Fotogr.
Subjects:

MARC

LEADER 00000nab a2200000 a 4500
001 vtls010327236
003 SK-MaSNL
005 20260319071309.0
008 111129|2011 xo m| | |00 0|hun
015 |a SNBRB2011/11  |2 kevkjb 
038 |a KEVKJB 
040 |a KEVKJB  |b slo  |c KEVKJB  |e AACR2 
041 0 |a hun 
044 |a xo  |c SK 
080 |a 796.54  |x (=511.141)  |2 2001 
245 0 0 |a Gombaszögi Nyári Tábor  |c [szerző] gyop 
300 |b Fotogr. 
650 0 7 |a prázdninové tábory  |2 kevkjb  |9 71360 
651 7 |a Gombasek (Slavec, Slovensko)  |2 kevkjb  |9 18083 
773 0 |t Kassai Figyelő  |g Évf. IX, sz. 8 (2011), o. 5 
852 |a KEVKJB  |b KIS3GCP 
958 |a HU 
958 |a NM 
999 |c 1806751  |d 1808681